| 000 | 01285nam a22004337a 4500 | ||
|---|---|---|---|
| 005 | 20181113135902.0 | ||
| 008 | 181113b xxu||||| |||| 00| 0 spa d | ||
| 020 | _a9788491983019 | ||
| 041 | _aspa | ||
| 082 | _a1.4.16 R934t2 | ||
| 100 |
_aRuíz Vázquez, José Antonio _950612 |
||
| 245 | _aTécnicas de servicio de alimentos y bebidas en barra y mesa | ||
| 260 | _aEspaña | ||
| 260 | _bIC | ||
| 260 | _c2018 | ||
| 300 | _a240 páginas | ||
| 650 |
_aALIMENTOS Y BEBIDAS _91701 |
||
| 650 |
_aMOBILIARIO _91704 |
||
| 650 |
_aBAR _91702 |
||
| 650 |
_aCAFETERÍAS _97451 |
||
| 650 |
_aSERVICIO EN MESA _950613 |
||
| 650 |
_aPEDIDOS _914153 |
||
| 650 |
_aNORMAS SANITARIAS _950614 |
||
| 650 |
_aDECORACIÓN DE ESTABLECIMIENTOS _950615 |
||
| 650 |
_aAPERITIVOS _97809 |
||
| 650 |
_aCOCTELERÍA _916073 |
||
| 650 |
_aATENCIÓN AL CLIENTE _92068 |
||
| 650 |
_aAPARIENCIA PERSONAL _916528 |
||
| 650 |
_aRECLAMACIONES _92899 |
||
| 650 |
_aCOMUNICACIÓN VERBAL _94948 |
||
| 650 |
_aCOMUNICACIÓN NO VERBAL _9277 |
||
| 650 |
_aCOMUNICACIÓN ESCRITA _9353 |
||
| 650 |
_aATENCIÓN TELEFÓNICA _92462 |
||
| 650 |
_aVENTAS _9635 |
||
| 650 |
_aFACTURACIÓN DE SERVICIOS _950616 |
||
| 650 |
_aCOBRO DE SERVICIOS _950617 |
||
| 650 |
_aINVENTARIOS _91923 |
||
| 942 | _cBK | ||
| 999 |
_c11318 _d11318 |
||